000 00348cam a22001097a 4500
008 180718b1975 xxu||||| |||| 00| 0 eng d
082 _aA75 G949Ju
245 _aGujarat state gazetteers: Junagarh
_cedited by S.B. Rajyagor
260 _aAhmedabad
_bGovernment Printing, Stationery and Publications
_c1975
300 _a848+p.
700 _aRajyagor, S.B.
999 _c486935
_d486935